| 000 -CABECERA |
| Longitud fija campo de control |
01027nam a22002415a 4500 |
| 003 - IDENTIFICADOR DEL NÚMERO DE CONTROL |
| Identificador del número de control |
OSt |
| 005 - FECHA Y HORA DE LA ÚLTIMA TRANSACCIÓN |
| Fecha y hora de la última transacción |
20160614180449.0 |
| 008 - CÓDIGOS DE INFORMACIÓN DE LONGITUD FIJA |
| Códigos de información de longitud fija |
160614s2016 spc||||fsm||||0|| 0 spa|d |
| 040 ## - FUENTE DE LA CATALOGACIÓN |
| Lengua de catalogación |
cat |
| Centro transcriptor |
CDMR |
| 100 1# - PUNTO DE ACCESO PRINCIPAL-NOMBRE DE PERSONA |
| Nombre de persona |
Pérez Soler, Susana |
| 245 10 - MENCIÓN DE TÍTULO |
| Título |
Usos periodísticos de Twitter |
| Medio |
[Recurs electrònic] |
| Resto del título |
: Una comparativa entre redacciones tradicionales y digitales en Catalunya y Bélgica |
| Mención de responsabilidad, etc. |
Susana Pérez Soler |
| 260 ## - PUBLICACIÓN, DISTRIBUCIÓN, ETC. (PIE DE IMPRENTA) |
| Lugar de publicación, distribución, etc. |
[Barcelona] : |
| Nombre del editor, distribuidor, etc. |
Universitat Ramon Llull, |
| Fecha de publicación, distribución, etc. |
2016 |
| 300 ## - DESCRIPCIÓN FÍSICA |
| Extensión |
1 recurs electrònic (315 p.) |
| 502 ## - NOTA DE TESIS |
| Nota de tesis |
Tesi doctoral - Universitat Ramon Llull. FCRIB - Comunicació i Relacions Internacionals, 2016 |
| 650 04 - PUNTO DE ACCESO ADICIONAL DE MATERIA - TÉRMINO DE MATERIA |
| 9 (RLIN) |
3128 |
| Término de materia o nombre geográfico como elemento inicial |
Xarxes socials en línia |
| 650 04 - PUNTO DE ACCESO ADICIONAL DE MATERIA - TÉRMINO DE MATERIA |
| 9 (RLIN) |
2272 |
| Término de materia o nombre geográfico como elemento inicial |
Periodisme |
| Subdivisión de materia general |
Innovacions tecnològiques |
| 650 04 - PUNTO DE ACCESO ADICIONAL DE MATERIA - TÉRMINO DE MATERIA |
| 9 (RLIN) |
3188 |
| Término de materia o nombre geográfico como elemento inicial |
Premsa digital |
| 700 1# - PUNTO DE ACCESO ADICIONAL - NOMBRE DE PERSONA |
| Nombre de persona |
Micó, Josep Lluís, |
| Fechas asociadas al nombre |
1974- |
| Término indicativo de función |
dir. |
| 710 2# - PUNTO DE ACCESO ADICIONAL - NOMBRE DE ENTIDAD |
| Nombre de entidad o nombre de jurisdicción como elemento inicial |
Facultat de Comunicació i Relacions Internacionals Blanquerna |
| 730 0# - PUNTO DE ACCESO ADICIONAL - TÍTULO UNIFORME |
| Título uniforme |
TDX |
| 856 40 - LOCALIZACIÓN Y ACCESO ELECTRÓNICO |
| Nota pública |
(Accés lliure) |
| Identificador Uniforme del Recurso (URI) |
<a href="http://www.tdx.cat/handle/10803/362644">http://www.tdx.cat/handle/10803/362644</a> |
| Texto del enlace |
Disponible en línia (pdf) |
| 942 ## - ENTRADA DE ELEMENTOS AGREGADOS (KOHA) |
| Koha [por defecto] tipo de item |
Tesines en línia |